000 006180000a22001810004500
003 MACL
005 20160525155307.0
008 160525b xxu||||| |||| 00| 0 eng d
040 _aMACL
_cMACL
041 _aHindi
082 _a891.433 CHA
100 _aचन्‍दर, कृश्‍न
_943795
245 _aउल्‍टा वृक्ष
_bलघु उपन्‍यास
_cकृश्‍न चन्‍दर
260 _bएशिया पब्लिशर्स
_c2003
_aनई दिल्‍ली
350 _a90
650 _aHindi Literature
_959512
942 _cHIN
_k891.433/CHA/S
_2ddc
999 _c9914
_d9914